| 000 | 01216nam a22003497a 4500 | ||
|---|---|---|---|
| 003 | CHAP | ||
| 005 | 20220329141304.0 | ||
| 008 | 971010s1984 r 00010 d | ||
| 010 | _a65836 | ||
| 011 | _a66808 | ||
| 035 | _a75783 | ||
| 040 | _cCHAP | ||
| 090 | _aTesis | ||
| 100 | 0 | 0 |
_aFlores Cuadra, Oscar Alberto. _941484 |
| 245 | _aProyecto para una planta extractora de aceite crudo de soya en Tapachula, Chiapas, Alternativa de polo de desarrollo | ||
| 260 |
_aChapingo, Méx. : _bEl autor, _c1984 |
||
| 300 |
_a267 h. _b; láms. ; gráfs. |
||
| 500 | _a1992-567 | ||
| 502 | _aTesis (Ing. Agr. Esp. en Economía Agrícola). -- UACH. Departamento de Economía Agrícola | ||
| 590 |
_aALEPH _b10 _c20130110 _lUCH01 _h1358 |
||
| 590 |
_aBATCH-UPD _b10 _c20130110 _lUCH01 _h0620 |
||
| 590 |
_aCONVERSION _b10 _c20130109 _lUCH01 _h1336 |
||
| 650 | 1 | 4 |
_aAceite de soya. _9450 |
| 650 | 1 | 4 |
_aProyectos industriales. _992531 |
| 650 | 1 | 4 |
_aSoya _xChiapas. _9109027 |
| 901 | _aBK | ||
| 942 | _cFOLL | ||
| 949 |
_bBC _cTES _d-149704 _eTS1 _i75783 _si |
||
| 949 |
_bBC _cTES _d-149706 _eTS2 _fc.3 _h21878 _i75783 _si |
||
| 949 |
_bBC _cTES _d33724000986709 _eTS2 _fc.2 _i75783 _si |
||
| 949 |
_bZA _cTESBD _d-8759 _eTS1 _h103 _i75783 _si |
||
| 999 |
_c65836 _d65836 |
||